000 00568nam a2200193Ia 4500
003 GCL
008 140319s9999 xx 000 0 ara d
040 _aGCL /
_cGCL
082 0 4 _a229.3
_bاص
100 1 _aاحمد عيد الجواهر
245 1 0 _aصحيح الدعاء المستجاب من الحديث والكتاب /
_cاحمد عيد الجواهر
260 _a[S.N] :
_bمكتبة التراث الاسلامى
300 _a112 ص
490 _a
650 0 4 _aالحديث
650 0 4 _aالدعاء
650 0 4 _aالقران
942 _2ddc
_cBK
999 _c52576
_d52576